<?xml version="1.0" encoding="UTF-8"?>
<record
    xmlns:xsi="http://www.w3.org/2001/XMLSchema-instance"
    xsi:schemaLocation="http://www.loc.gov/MARC21/slim http://www.loc.gov/standards/marcxml/schema/MARC21slim.xsd"
    xmlns="http://www.loc.gov/MARC21/slim">

  <leader>01102nam a2200313I  4500</leader>
  <controlfield tag="001">42968</controlfield>
  <controlfield tag="003">BD-RJUL </controlfield>
  <controlfield tag="005">20211209053625.0</controlfield>
  <controlfield tag="008">160618s1963    bg            000 0 ben u</controlfield>
  <datafield tag="020" ind1=" " ind2=" ">
    <subfield code="c">: PRs 3.25 </subfield>
  </datafield>
  <datafield tag="035" ind1=" " ind2=" ">
    <subfield code="a">BD-RJUL 43086</subfield>
  </datafield>
  <datafield tag="035" ind1=" " ind2=" ">
    <subfield code="a">(OCoLC)00873209</subfield>
  </datafield>
  <datafield tag="035" ind1=" " ind2=" ">
    <subfield code="a">GLIS00505321</subfield>
  </datafield>
  <datafield tag="040" ind1=" " ind2=" ">
    <subfield code="c">HCD</subfield>
    <subfield code="d">m.c.</subfield>
    <subfield code="d">RCD</subfield>
    <subfield code="a">BD-RjUL</subfield>
    <subfield code="b">ben </subfield>
  </datafield>
  <datafield tag="041" ind1=" " ind2=" ">
    <subfield code="a">ben </subfield>
  </datafield>
  <datafield tag="082" ind1=" " ind2=" ">
    <subfield code="2">23 </subfield>
    <subfield code="a">297.09 </subfield>
    <subfield code="b">MOI 1963 </subfield>
  </datafield>
  <datafield tag="090" ind1=" " ind2=" ">
    <subfield code="a">JX1391</subfield>
    <subfield code="b">.S912 1954</subfield>
  </datafield>
  <datafield tag="099" ind1=" " ind2=" ">
    <subfield code="a">JX1391.S912 1954</subfield>
  </datafield>
  <datafield tag="100" ind1="1" ind2=" ">
    <subfield code="a">&#x9AE;&#x993;&#x9A6;&#x9C2;&#x9A6;&#x9C0;,&#x9B8;&#x9BE;&#x987;&#x9AF;&#x9BC;&#x9C7;&#x9A6; &#x986;&#x9AC;&#x9C1;&#x9B2; &#x986;'&#x9B2;&#x9BE; </subfield>
    <subfield code="9">131948</subfield>
  </datafield>
  <datafield tag="245" ind1="1" ind2="0">
    <subfield code="a">&#x987;&#x9B8;&#x9B2;&#x9BE;&#x9AE;&#x9C0; &#x986;&#x9A8;&#x9CD;&#x9A6;&#x9CB;&#x9B2;&#x9A8;&#x9C7;&#x9B0; &#x9AD;&#x9AC;&#x9BF;&#x9B7;&#x9CD;&#x9AF;&#x9A4; &#x995;&#x9B0;&#x9CD;&#x9AE;&#x9B8;&#x9C2;&#x99A;&#x9C0; / </subfield>
    <subfield code="c">&#x9B8;&#x9BE;&#x987;&#x9AF;&#x9BC;&#x9C7;&#x9A6; &#x986;&#x9AC;&#x9C1;&#x9B2; &#x986;'&#x9B2;&#x9BE; &#x9AE;&#x993;&#x9A6;&#x9C2;&#x9A6;&#x9C0; </subfield>
  </datafield>
  <datafield tag="260" ind1=" " ind2=" ">
    <subfield code="a">&#x9A2;&#x9BE;&#x995;&#x9BE; :</subfield>
    <subfield code="b">&#x9AE;&#x9C1;&#x9B9;&#x9BE;&#x9AE;&#x9CD;&#x9AE;&#x9A6; &#x986;&#x9AC;&#x9A6;&#x9C1;&#x9B0; &#x9B0;&#x9B9;&#x9BF;&#x9AE;, </subfield>
    <subfield code="c">&#x9E7;&#x9EF;&#x9EC;&#x9E9; </subfield>
  </datafield>
  <datafield tag="300" ind1=" " ind2=" ">
    <subfield code="a">&#x9E8;&#x9EA;&#x9EE; &#x9AA;&#x9C3;. ; </subfield>
    <subfield code="c">&#x9E7;&#x9EE; &#x9B8;&#x9C7;&#x9AE;&#x9BF;. </subfield>
  </datafield>
  <datafield tag="504" ind1=" " ind2=" ">
    <subfield code="a">.</subfield>
  </datafield>
  <datafield tag="650" ind1=" " ind2="0">
    <subfield code="a">&#x987;&#x9B8;&#x9B2;&#x9BE;&#x9AE; </subfield>
    <subfield code="9">131949</subfield>
    <subfield code="x">&#x987;&#x9A4;&#x9BF;&#x9B9;&#x9BE;&#x9B8; </subfield>
  </datafield>
  <datafield tag="650" ind1=" " ind2="0">
    <subfield code="a">Islam </subfield>
    <subfield code="x">History </subfield>
    <subfield code="9">131984</subfield>
  </datafield>
  <datafield tag="942" ind1=" " ind2=" ">
    <subfield code="2">ddc</subfield>
    <subfield code="c">BK</subfield>
  </datafield>
  <datafield tag="949" ind1=" " ind2=" ">
    <subfield code="a">MYGD</subfield>
  </datafield>
  <datafield tag="999" ind1=" " ind2=" ">
    <subfield code="c">42968</subfield>
    <subfield code="d">42968</subfield>
  </datafield>
  <datafield tag="952" ind1=" " ind2=" ">
    <subfield code="0">0</subfield>
    <subfield code="1">0</subfield>
    <subfield code="2">ddc</subfield>
    <subfield code="4">0</subfield>
    <subfield code="7">0</subfield>
    <subfield code="8">NFIC</subfield>
    <subfield code="a">RUCL</subfield>
    <subfield code="b">RUCL</subfield>
    <subfield code="c">Stack</subfield>
    <subfield code="d">0000-00-00</subfield>
    <subfield code="e">Farukh Library</subfield>
    <subfield code="g">3.25</subfield>
    <subfield code="l">0</subfield>
    <subfield code="o">B 297.09  MOI 1963</subfield>
    <subfield code="r">2016-06-18 00:00:00</subfield>
    <subfield code="t">C-2</subfield>
    <subfield code="w">2016-06-18</subfield>
    <subfield code="y">BK</subfield>
  </datafield>
  <datafield tag="952" ind1=" " ind2=" ">
    <subfield code="0">0</subfield>
    <subfield code="1">0</subfield>
    <subfield code="2">ddc</subfield>
    <subfield code="4">0</subfield>
    <subfield code="7">1</subfield>
    <subfield code="8">NFIC</subfield>
    <subfield code="a">RUCL</subfield>
    <subfield code="b">RUCL</subfield>
    <subfield code="c">Reading</subfield>
    <subfield code="d">1967-05-30</subfield>
    <subfield code="e">Faruqe library</subfield>
    <subfield code="g">3.25</subfield>
    <subfield code="l">0</subfield>
    <subfield code="o">B 297.09  MOI 1963 </subfield>
    <subfield code="r">2025-01-01 00:00:00</subfield>
    <subfield code="t">C-1</subfield>
    <subfield code="w">2025-01-01</subfield>
    <subfield code="y">BK</subfield>
  </datafield>
</record>
